| 000 -LEADER |
| fixed length control field |
01700nam a22004817a 4500 |
| 008 - FIXED-LENGTH DATA ELEMENTS--GENERAL INFORMATION |
| fixed length control field |
260416b xxu||||| |||| 00| 0 eng d |
| 040 ## - CATALOGING SOURCE |
| Transcribing agency |
Cagayan State University |
| 082 ## - DEWEY DECIMAL CLASSIFICATION NUMBER |
| Classification number |
791.4372 |
| Item number |
M68 2025 |
| 245 ## - TITLE STATEMENT |
| Title |
Mother of Flies / |
| Statement of responsibility, etc |
directed by and written by John Adams , Zelda Adams , Toby Poser. |
| 260 ## - PUBLICATION, DISTRIBUTION, ETC. (IMPRINT) |
| Place of publication, distribution, etc |
United States |
| Date of publication, distribution, etc |
2025 |
| Name of publisher, distributor, etc |
Wonder Wheel Productions. |
| 300 ## - PHYSICAL DESCRIPTION |
| Extent |
1 videofile, (ca. 92 mins.) : |
| Other physical details |
sound, color. |
| 520 ## - SUMMARY, ETC. |
| Summary, etc |
A young woman facing a terminal illness turns to dark magic and a mysterious witch in the woods, where healing comes at a dangerous cost. |
| 546 ## - LANGUAGE NOTE |
| Language note |
In English subtitle. |
| 655 ## - INDEX TERM--GENRE/FORM |
| Genre/form data or focus term |
Horror Films. |
| 655 ## - INDEX TERM--GENRE/FORM |
| Genre/form data or focus term |
Folk Horror. |
| 700 ## - ADDED ENTRY--PERSONAL NAME |
| Personal name |
Adams, Zelda, cast. |
| 700 ## - ADDED ENTRY--PERSONAL NAME |
| Personal name |
Poser, Toby, cast. |
| 700 ## - ADDED ENTRY--PERSONAL NAME |
| Personal name |
Adams, John, cast |
| 700 ## - ADDED ENTRY--PERSONAL NAME |
| Personal name |
Adams, Lulu, cast. |
| 700 ## - ADDED ENTRY--PERSONAL NAME |
| Personal name |
Lindsay, Trey, cast |
| 700 ## - ADDED ENTRY--PERSONAL NAME |
| Personal name |
Noble, Eiden-Wilson, cast |
| 700 ## - ADDED ENTRY--PERSONAL NAME |
| Personal name |
Beveridge, Jessica, cast |
| 700 ## - ADDED ENTRY--PERSONAL NAME |
| Personal name |
Macaluso, Sofia, cast. |
| 700 ## - ADDED ENTRY--PERSONAL NAME |
| Personal name |
Macaluso, Heath, cast. |
| 700 ## - ADDED ENTRY--PERSONAL NAME |
| Personal name |
Macaluso, Nikki, cast. |
| 700 ## - ADDED ENTRY--PERSONAL NAME |
| Personal name |
Rosen,Judy, cast |
| 700 ## - ADDED ENTRY--PERSONAL NAME |
| Personal name |
Adams, Violet, cast. |
| 700 ## - ADDED ENTRY--PERSONAL NAME |
| Personal name |
Adams, John Gerald cast. |
| 700 ## - ADDED ENTRY--PERSONAL NAME |
| Personal name |
Adams,John Sr., cast |
| 700 ## - ADDED ENTRY--PERSONAL NAME |
| Personal name |
Adams, Patricia, cast |
| 700 ## - ADDED ENTRY--PERSONAL NAME |
| Personal name |
Wiser,Harriet, cast. |
| 700 ## - ADDED ENTRY--PERSONAL NAME |
| Personal name |
Berke, Harrison, cast. |
| 700 ## - ADDED ENTRY--PERSONAL NAME |
| Personal name |
Dumenigo, Colleen, cast. |
| 700 ## - ADDED ENTRY--PERSONAL NAME |
| Personal name |
Poser, Toby, Producer. |
| 700 ## - ADDED ENTRY--PERSONAL NAME |
| Personal name |
Adams, John, composer. |
| 700 ## - ADDED ENTRY--PERSONAL NAME |
| Personal name |
Adams,Zelda, composer. |
| 700 ## - ADDED ENTRY--PERSONAL NAME |
| Personal name |
Poser, Toby, composer. |
| 700 ## - ADDED ENTRY--PERSONAL NAME |
| Personal name |
Adams, John, editor. |
| 700 ## - ADDED ENTRY--PERSONAL NAME |
| Personal name |
Adams, Zelda, edit. |
| 700 ## - ADDED ENTRY--PERSONAL NAME |
| Personal name |
Poser, Toby, editor. |
| 700 ## - ADDED ENTRY--PERSONAL NAME |
| Personal name |
Lindsay, Trey, Visual effects |
| 942 ## - ADDED ENTRY ELEMENTS (KOHA) |
| Source of classification or shelving scheme |
|
| Item type |
Audio-Visual Materials |